000 00552nam a22001697a 4500
999 _c8449
_d8449
008 201124b ||||| |||| 00| 0 eng d
040 _aBMS College of Architecture
100 _aS,Monisha
245 _aRecreate the Kalari Lifestyle : interpretation center Kochi
300 _a82p.
500 _a1BM14AT049
502 _8B,Arch
_NBMS College of Architecture, Visvesvaraya Technological University (VTU)
_aProject report
_d2018
650 _aInterpretation center
700 _aAnand H M
_eGuide
700 _aKoshy P Koshy
_eGuide
942 _2ddc
_cTHE